000
00249nam a2200097Ia 4500
008
240331s9999 xx 000 0 und d
082
_b
SRI
100
_a
Cleary, S. ed
245
0
_a
European NGO forum on Sri lanka :
_b
Sri Lanka poverty study
942
_c
L
999
_c
2570
_d
2570